[Event "ALG-chT"]
[Site "Ain Oulmane"]
[Date "2019.11.02"]
[Round "4.2"]
[White "Hamdan, Abderahmane El Hadi"]
[Black "Belouadah, Saad"]
[Result "0-1"]
[WhiteElo "2055"]
[BlackElo "2401"]
[PlyCount "100"]
[EventDate "2019.11.01"]
[EventType "team-swiss"]
[EventRounds "9"]
[EventCountry "ALG"]
[SourceTitle "EXT 2021"]
[Source "ChessBase"]
[SourceDate "2020.10.23"]
[SourceVersion "1"]
[SourceVersionDate "2020.10.23"]
[SourceQuality "1"]
[WhiteTeam "Sidi Bel Abes Sporting"]
[BlackTeam "Alger ASSN"]
[WhiteTeamCountry "ALG"]
[BlackTeamCountry "ALG"]

1. d4 Nf6 2. c4 e6 3. Nf3 Bb4+ 4. Bd2 c5 5. e3 0-0 6. Bxb4 cxb4 7. Bd3 d6 8. 0-0 Qe7 9. Qc2 b6 10. a3 bxa3 11. Rxa3 Bb7 12. Nbd2 Nc6 13. Qc3 a5 14. Rfa1 Nb4 15. Ne1 Rac8 16. Qb3 d5 17. c5 bxc5 18. dxc5 Rxc5 19. Rxa5 Rxa5 20. Rxa5 Nc6 21. Rb5 Ba8 22. Qa3 Qc7 23. b4 d4 24. Be2 dxe3 25. Qxe3 Nd5 26. Qc5 Qe5 27. Qc4 Nd4 28. Nef3 Nxe2+ 29. Kf1 Qa1+ 30. Kxe2 Nc3+ 31. Ke3 Nxb5 32. Qxb5 Bxf3 33. Nxf3 Qc3+ 34. Ke2 Rd8 35. Ne1 h6 36. Nd3 Qd4 37. g3 Qe4+ 38. Kd2 Qf3 39. Kc2 Qe2+ 40. Kc3 Rc8+ 41. Kd4 e5+ 42. Qxe5 Rd8+ 43. Kc5 Qxd3 44. b5 Qc2+ 45. Kb6 Qc8 46. Qc7 Qe6+ 47. Kb7 Rd7 48. b6 Kf8 49. Kb8 Rxc7 50. bxc7 Qd6 0-1

[Event "Africa-ch"]
[Site "Oran"]
[Date "2017.07.09"]
[Round "8"]
[White "Mwali, Chitumbo"]
[Black "Hamdan, Abderahmane El Hadi"]
[Result "0-1"]
[WhiteElo "2356"]
[BlackElo "2082"]
[PlyCount "88"]
[EventDate "2017.07.02"]
[EventType "swiss"]
[EventRounds "9"]
[EventCountry "ALG"]
[SourceTitle "CBM 179 Extra"]
[Source "ChessBase"]
[SourceDate "2017.08.23"]
[SourceVersion "1"]
[SourceVersionDate "2017.08.23"]
[SourceQuality "1"]

1. c4 e6 2. g3 Nf6 3. Bg2 d5 4. Nf3 Be7 5. 0-0 0-0 6. b3 c5 7. Bb2 Nc6 8. e3 d4 9. exd4 cxd4 10. Re1 Qb6 11. d3 Nd7 12. Na3 e5 13. Nc2 Bf6 14. Ba3 Re8 15. b4 Qd8 16. b5 Ne7 17. h4 Ng6 18. Nb4 Be7 19. h5 Ngf8 20. Qc1 Qa5 21. Nc2 Bxa3 22. Qxa3 Qxa3 23. Nxa3 f6 24. Nxd4 Nc5 25. Nb3 Nxd3 26. Re3 Nb4 27. Na5 Rb8 28. Rb1 b6 29. Rxb4 bxa5 30. Ra4 Rd8 31. Rxa5 Rd1+ 32. Kh2 Rd2 33. Rxa7 Rxf2 34. c5 Be6 35. Kg1 Rxa2 36. c6 Rd8 37. Re1 Rd3 38. Kh2 Rdd2 39. Rg1 Bd5 40. c7 Bxg2 41. Nc4 Rxa7 42. b6 Bb7+ 43. Nxd2 Ra2 44. Rg2 Rb2 0-1

[Event "Africa-ch"]
[Site "Oran"]
[Date "2017.07.04"]
[Round "3"]
[White "Douissa, Oussama"]
[Black "Hamdan, Abderahmane El Hadi"]
[Result "1-0"]
[WhiteElo "2270"]
[BlackElo "2082"]
[PlyCount "121"]
[EventDate "2017.07.02"]
[EventType "swiss"]
[EventRounds "9"]
[EventCountry "ALG"]
[SourceTitle "CBM 179 Extra"]
[Source "ChessBase"]
[SourceDate "2017.08.23"]
[SourceVersion "1"]
[SourceVersionDate "2017.08.23"]
[SourceQuality "1"]

1. d4 Nf6 2. c4 g6 3. Nc3 Bg7 4. e4 d6 5. f3 0-0 6. Be3 Nc6 7. Nge2 e5 8. d5 Na5 9. Nc1 b6 10. b4 Nb7 11. Nb3 a5 12. a3 Bd7 13. Be2 Nh5 14. 0-0 Nf4 15. Re1 Qg5 16. Bf1 Nh3+ 17. Kh1 Qxe3 18. Rxe3 Nf2+ 19. Kg1 Nxd1 20. Rxd1 axb4 21. axb4 Bh6 22. Red3 Ra3 23. Rb1 Rfa8 24. Rb2 Kf8 25. Kf2 Ke7 26. g3 f5 27. Rd1 Ba4 28. Rdb1 Bxb3 29. Rxb3 Kd8 30. exf5 gxf5 31. Bd3 Bd2 32. Nb5 Rxb3 33. Rxb3 Ra2 34. Bb1 Ra4 35. Bxf5 Bxb4 36. Bxh7 Na5 37. Nc3 Bc5+ 38. Ke2 Rxc4 39. Bd3 Nxb3 40. Bxc4 Nd4+ 41. Ke3 Nb5+ 42. Kd3 Nxc3 43. Kxc3 Ke7 44. Kd3 Kf6 45. Ke2 Ba3 46. h4 Bc1 47. Kf2 Bd2 48. Kg2 Be3 49. Bd3 Bd2 50. Kh3 Be3 51. Kg4 Bf2 52. Kh3 Be3 53. g4 Kg7 54. g5 Bd2 55. Kg4 Be3 56. h5 Bd2 57. h6+ Kg8 58. Kh5 Bc3 59. Be4 Bd2 60. g6 Bf4 61. Bf5 1-0

[Event "Africa-ch"]
[Site "Oran"]
[Date "2017.07.03"]
[Round "2"]
[White "Hamdan, Abderahmane El Hadi"]
[Black "Ounas, Abdelhak"]
[Result "1-0"]
[WhiteElo "2082"]
[BlackElo "2018"]
[PlyCount "51"]
[EventDate "2017.07.02"]
[EventType "swiss"]
[EventRounds "9"]
[EventCountry "ALG"]
[SourceTitle "CBM 179 Extra"]
[Source "ChessBase"]
[SourceDate "2017.08.23"]
[SourceVersion "1"]
[SourceVersionDate "2017.08.23"]
[SourceQuality "1"]

1. d4 d5 2. c4 c6 3. Nf3 Nf6 4. Nc3 e6 5. Bg5 Be7 6. e3 Nbd7 7. Bd3 0-0 8. 0-0 dxc4 9. Bxc4 b5 10. Bd3 Bb7 11. Qe2 Nd5 12. Bxe7 Nxc3 13. Bxh7+ Kh8 14. bxc3 Qxe7 15. Bd3 a6 16. Ne5 Nf6 17. f4 Kg8 18. Rf3 Rfd8 19. Raf1 c5 20. Rh3 b4 21. Bh7+ Kf8 22. Bg6 Qc7 23. Nxf7 Ke7 24. Nxd8 Rxd8 25. Qc4 bxc3 26. Qxc3 1-0

[Event "ALG-ch sf"]
[Site "Tiaret"]
[Date "2017.03.31"]
[Round "5"]
[White "Amellal, Sofiane Anis"]
[Black "Hamdan, Abderahmane El Hadi"]
[Result "0-1"]
[WhiteElo "1969"]
[BlackElo "2064"]
[PlyCount "132"]
[EventDate "2017.03.29"]
[EventType "swiss"]
[EventRounds "7"]
[EventCountry "ALG"]
[SourceTitle "EXT 2018"]
[Source "ChessBase"]
[SourceDate "2017.10.13"]
[SourceVersion "1"]
[SourceVersionDate "2017.10.13"]
[SourceQuality "1"]

1. e4 c5 2. Nf3 d6 3. d4 cxd4 4. Nxd4 Nf6 5. Nc3 a6 6. Bc4 e6 7. Bb3 Be7 8. 0-0 0-0 9. f4 Nc6 10. f5 Qb6 11. fxe6 Qxd4+ 12. Qxd4 Nxd4 13. exf7+ Kh8 14. Nd5 Nxb3 15. axb3 Nxd5 16. exd5 Bd7 17. Bd2 Bf6 18. Bb4 Bd4+ 19. Kh1 Be5 20. Rae1 Rad8 21. c4 b6 22. Rxe5 dxe5 23. Bxf8 Rxf8 24. b4 g6 25. c5 bxc5 26. bxc5 Bb5 27. Rf3 e4 28. Re3 Rxf7 29. h4 Rf5 30. Rxe4 Rxd5 31. b4 Kg7 32. Kh2 Kf6 33. g4 Rd2+ 34. Kg3 Rc2 35. Kf4 Rc4 36. g5+ Kf7 37. Rxc4 Bxc4 38. Ke5 Ke7 39. Kd4 Bb5 40. Kd5 Kd7 41. Ke5 Ke7 42. Ke4 Kd7 43. Ke5 Be2 44. Kf6 Kc6 45. Kg7 a5 46. bxa5 Kxc5 47. Kxh7 Bh5 48. Kg7 Kb5 49. Kf6 Kxa5 50. Ke5 Kb4 51. Kd4 Kb3 52. Kd3 Kb2 53. Kd2 Kb1 54. Ke1 Kc1 55. Kf2 Kd2 56. Kg2 Ke2 57. Kh2 Kf2 58. Kh3 Kf3 59. Kh2 Kg4 60. Kg1 Kxh4 61. Kh2 Kxg5 62. Kg3 Bd1 63. Kf2 Kh4 64. Kg2 g5 65. Kh2 Ba4 66. Kg2 Bc6+ 0-1

[Event "ALG-ch sf"]
[Site "Tiaret"]
[Date "2017.03.29"]
[Round "1"]
[White "Mostaine Boucetta, Brahim"]
[Black "Hamdan, Abderahmane El Hadi"]
[Result "1/2-1/2"]
[WhiteElo "1718"]
[BlackElo "2064"]
[PlyCount "105"]
[EventDate "2017.03.29"]
[EventType "swiss"]
[EventRounds "7"]
[EventCountry "ALG"]
[SourceTitle "EXT 2018"]
[Source "ChessBase"]
[SourceDate "2017.10.13"]
[SourceVersion "1"]
[SourceVersionDate "2017.10.13"]
[SourceQuality "1"]

1. d4 Nf6 2. Nf3 d5 3. Bf4 e6 4. e3 Bd6 5. Bg3 0-0 6. Bd3 c5 7. c3 Nc6 8. Nbd2 Re8 9. Ne5 Qc7 10. f4 a6 11. 0-0 b5 12. Bh4 Be7 13. g4 g6 14. Qf3 Ra7 15. Qh3 Bb7 16. Rae1 Nxe5 17. fxe5 Ne4 18. Bxe4 dxe4 19. Bf6 Bf8 20. g5 h5 21. Rf4 cxd4 22. cxd4 Bg7 23. Nxe4 Bxe4 24. Rxe4 Qc2 25. Qg2 Rc7 26. Rf4 Qxg2+ 27. Kxg2 Bf8 28. Rf2 Rec8 29. Kf3 Rc4 30. Ke4 Bb4 31. Ree2 Rc1 32. a3 Bf8 33. Kd3 b4 34. axb4 Bxb4 35. Rc2 Kf8 36. Rxc1 Rxc1 37. Rc2 Rxc2 38. Kxc2 Ke8 39. Kb3 Bd2 40. e4 Kd7 41. Kc4 h4 42. h3 a5 43. b3 Be1 44. d5 Bd2 45. Kb5 Be1 46. Kc4 Bd2 47. Kd3 Be1 48. Ke2 Bc3 49. Bg7 Bb4 50. Kd3 Ke8 51. Kc4 Bd2 52. Kb5 Kd7 53. Bf6 1/2-1/2

[Event "Algiers Ameyar Memorial 13th"]
[Site "Algiers"]
[Date "2015.06.14"]
[Round "8"]
[White "Hamdan, Abderahmane El Hadi"]
[Black "Oussedik, Mahfoud"]
[Result "0-1"]
[WhiteElo "2063"]
[BlackElo "2212"]
[PlyCount "104"]
[EventDate "2015.06.09"]
[EventType "swiss"]
[EventRounds "9"]
[EventCountry "ALG"]
[SourceTitle "CBM 167 Extra"]
[Source "ChessBase"]
[SourceDate "2015.09.14"]
[SourceVersion "1"]
[SourceVersionDate "2015.09.14"]
[SourceQuality "1"]

1. d4 Nf6 2. c4 e6 3. Nf3 b6 4. Nc3 Bb7 5. Qc2 c5 6. e3 Nc6 7. a3 cxd4 8. exd4 d5 9. cxd5 Nxd5 10. Nxd5 Qxd5 11. Bd3 Be7 12. Be4 Qd7 13. Qa4 Rd8 14. Be3 Nxd4 15. Qxd7+ Rxd7 16. Bxb7 Nc2+ 17. Ke2 Rxb7 18. Rac1 Nxe3 19. Rc8+ Bd8 20. fxe3 0-0 21. Rd1 Bf6 22. Rc2 Ra8 23. Rdc1 Kf8 24. e4 Ke8 25. e5 Be7 26. Nd4 Bg5 27. Rf1 h6 28. Kd3 Rd8 29. Ke4 Rbd7 30. Nf3 Rd3 31. Re1 R8d5 32. Rc4 Bd2 33. Re2 b5 34. Rd4 R3xd4+ 35. Nxd4 Ba5 36. Rc2 Bb6 37. Nf3 Bd8 38. Rc6 a5 39. Nd4 Kd7 40. Ra6 Bc7 41. Nf3 Rc5 42. Kd4 Rd5+ 43. Kc3 a4 44. Ra8 Bxe5+ 45. Nxe5+ Rxe5 46. Ra7+ Ke8 47. Rb7 Rd5 48. Kb4 e5 49. Rc7 e4 50. Rc3 f5 51. Rg3 g5 52. Re3 Re5 0-1